Casarett and Doull's toxicology : (Record no. 21820)
[ view plain ]
| 000 -LEADER | |
|---|---|
| fixed length control field | 01080cam a22003375a 4500 |
| 001 - CONTROL NUMBER | |
| control field | 17347670 |
| 005 - DATE AND TIME OF LATEST TRANSACTION | |
| control field | 20161213112301.0 |
| 006 - FIXED-LENGTH DATA ELEMENTS--ADDITIONAL MATERIAL CHARACTERISTICS--GENERAL INFORMATION | |
| fixed length control field | m||||f ||z 00| 0 |
| 008 - FIXED-LENGTH DATA ELEMENTS--GENERAL INFORMATION | |
| fixed length control field | 120613t2013 nyua frb 001 0 eng d |
| 020 ## - INTERNATIONAL STANDARD BOOK NUMBER | |
| International Standard Book Number | 9780071769235 |
| 020 ## - INTERNATIONAL STANDARD BOOK NUMBER | |
| International Standard Book Number | 0071769234 |
| 020 ## - INTERNATIONAL STANDARD BOOK NUMBER | |
| International Standard Book Number | 9780071769242 (DVD) |
| 020 ## - INTERNATIONAL STANDARD BOOK NUMBER | |
| International Standard Book Number | 0071769242 (DVD) |
| 035 ## - SYSTEM CONTROL NUMBER | |
| System control number | (DNLM)101586259 |
| 040 ## - CATALOGING SOURCE | |
| Original cataloging agency | DNLM/DLC |
| Transcribing agency | DLC |
| Modifying agency | DLC |
| -- | EG-ScBUE |
| Language of cataloging | eng |
| 082 04 - DEWEY DECIMAL CLASSIFICATION NUMBER | |
| Edition number | 22 |
| Classification number | 615.9 |
| Item number | CAS |
| 245 00 - TITLE STATEMENT | |
| Title | Casarett and Doull's toxicology : |
| Remainder of title | the basic science of poisons / |
| Statement of responsibility, etc | editor Curtis D. Klaassen. |
| 246 3# - VARYING FORM OF TITLE | |
| Title proper/short title | Casarett & Doull's toxicology |
| 250 ## - EDITION STATEMENT | |
| Edition statement | 8th ed. |
| 260 ## - PUBLICATION, DISTRIBUTION, ETC. (IMPRINT) | |
| Place of publication, distribution, etc | New York : |
| Name of publisher, distributor, etc | McGraw-Hill Education, |
| Date of publication, distribution, etc | c.2013. |
| 300 ## - PHYSICAL DESCRIPTION | |
| Extent | xiii, 1454 p. : |
| Other physical details | ill. ; |
| Dimensions | 29 cm. + |
| Accompanying material | 1 DVD-ROM (4 3/4 in.) |
| 500 ## - GENERAL NOTE | |
| General note | Index : p. [1427]-1454. |
| 504 ## - BIBLIOGRAPHY, ETC. NOTE | |
| Bibliography, etc | Includes bibliographical references. |
| 650 #7 - SUBJECT ADDED ENTRY--TOPICAL TERM | |
| Topical term or geographic name as entry element | Toxicology. |
| Source of heading or term | BUEsh |
| 9 (RLIN) | 40066 |
| 651 ## - SUBJECT ADDED ENTRY--GEOGRAPHIC NAME | |
| Source of heading or term | BUEsh |
| 653 ## - INDEX TERM--UNCONTROLLED | |
| Resource For college | Pharmacy |
| Arrived date list | May2016 |
| -- | December2016 |
| 700 1# - ADDED ENTRY--PERSONAL NAME | |
| Personal name | Klaassen, Curtis D., |
| Relator term | editor. |
| 700 1# - ADDED ENTRY--PERSONAL NAME | |
| Personal name | Casarett, Louis J. |
| 700 1# - ADDED ENTRY--PERSONAL NAME | |
| Personal name | Doull, John, |
| Dates associated with a name | 1922- |
| 942 ## - ADDED ENTRY ELEMENTS (KOHA) | |
| Source of classification or shelving scheme | Dewey Decimal Classification |
| Withdrawn status | Item status | Source of classification or shelving scheme | Damaged status | Not for loan | Vendor | Home library | Current library | Shelving location | Date acquired | Source of acquisition | Cost, normal purchase price | Serial Enumeration / chronology | Total Checkouts | Full call number | Barcode | Date last seen | Date last borrowed | Cost, replacement price | Koha item type |
|---|---|---|---|---|---|---|---|---|---|---|---|---|---|---|---|---|---|---|---|
| Dewey Decimal Classification | Alahram | Central Library | Central Library | First floor | 26/05/2016 | Purchase | 925.00 | 4 | 2 | 615.9 CAS | 000032600 | 15/07/2025 | 19/02/2020 | 1156.25 | Book - Borrowing | ||||
| Dewey Decimal Classification | Alahram | Central Library | Central Library | First floor | 26/05/2016 | Purchase | 925.00 | 4 | 615.9 CAS | 000032601 | 24/08/2022 | 1156.25 | CD | DVD - With book | ||||||
| Dewey Decimal Classification | Alahram | Central Library | Central Library | First floor | 13/12/2016 | Purchase | 993.00 | 1 | 615.9 CAS | 000040379 | 15/07/2025 | 09/04/2017 | 1241.25 | Book - Borrowing | |||||
| Dewey Decimal Classification | Alahram | Central Library | Central Library | First floor | 13/12/2016 | Purchase | 993.00 | 615.9 CAS | 000043547 | 24/08/2022 | 1241.25 | CD | DVD - With book |